| 000 | 00746nam a2200205Ia 4500 | ||
|---|---|---|---|
| 999 |
_c6338 _d6338 |
||
| 020 | _a9780534523480 | ||
| 020 | _a053452348X | ||
| 020 | _a9780495603641 | ||
| 050 | 0 | 0 |
_aBF637.C6 _bH42 |
| 100 | 1 | _aHeppner, P. Paul. | |
| 245 | 1 | 0 |
_aResearch design in counseling / _cP. Paul Heppner, Bruce E. Wampold, Dennis M. Kivlighan, Jr. |
| 250 | _aThird edition. | ||
| 260 |
_aBelmont, CA : _bThomson Brooks/Cole, _c©2008. |
||
| 300 |
_axxi, 666 pages : _billustrations ; _c25 cm. |
||
| 505 | _aPhilosophical, ethical, and training issues -- Major research designs -- Methodological issues -- Professional issues. | ||
| 650 | 0 |
_aCounseling _xResearch _xMethodology. |
|
| 700 | 1 | _aKivlighan, Dennis M. | |
| 700 | 1 | _aWampold, Bruce E., | |
| 942 | _cBK | ||